书目信息 |
| 题名: |
中国药用植物栽培学
|
|
| 作者: | 中国医学科学院药用植物所 编 | |
| 分册: | ||
| 出版信息: | 北京 农业出版社 1991.9 |
|
| 页数: | 1375页 | |
| 开本: | 26cm | |
| 丛书名: | ||
| 单 册: | ||
| 中图分类: | S567.04 | |
| 科图分类: | ||
| 主题词: | ||
| 电子资源: | ||
| ISBN: | ||
| 000 | 00560nam0 2200181 45 | |
| 001 | 0181011840 | |
| 005 | 20061122164936.09 | |
| 010 | @b精装@dCNY75.70 | |
| 100 | @a20810111d km y0chiy0120 ea | |
| 101 | 0 | @achi |
| 105 | @a z 000yy | |
| 200 | 1 | @Azhong guo yao wu zai pei xue@Fzhong guo yi xue ke xue yuan@a中国药用植物栽培学@f中国医学科学院药用植物所编 |
| 210 | @a北京@c农业出版社@d1991.9 | |
| 215 | @a1375页@c无图表@d26cm | |
| 690 | @aS567.04 | |
| 701 | 0 | @a中国医学科学院药用植物所@4编 |
| 801 | @aCN@bTSTC@c20061122 | |
| 905 | @dS567.04@e12@f2@b247813-14 | |
| 中国药用植物栽培学/中国医学科学院药用植物所编.-北京:农业出版社,1991.9 |
| 1375页:无图表;26cm |
| ISBN (精装):CNY75.70 |
| ● |
| 相关链接 |
|
|
|
|
正题名:中国药用植物栽培学
索取号:S567.04/12
 
预约/预借
| 序号 | 登录号 | 条形码 | 馆藏地/架位号 | 状态 | 备注 |
| 1 | 0247814 | 202107148 | 第二样本阅览室/ [索取号:S567.04/12] | 在馆 |